| 000 | 01221nam a22002057a 4500 | ||
|---|---|---|---|
| 999 |
_c63213 _d63213 |
||
| 003 | Ge_BSU | ||
| 005 | 20250630121230.0 | ||
| 008 | 250630s2025 ge ||||| |||| 00| 0 geo d | ||
| 020 | _a9789941518058 | ||
| 041 | _ageo | ||
| 080 | _a821.353.1-821 გ-20 | ||
| 245 |
_aგანვლილი გზა : ავთანდილ ნიკოლეიშვილი -75 : _b[კრებული] / _cკრებულის შემდგენელი და რედაქტორი გია ხოფერია. |
||
| 264 |
_aქუთაისი : _bაკაკი წერეთლის სახელმწ. უნივერსიტეტის გამომცემლობა, _c 2025. |
||
| 300 |
_a550 გვ. ; _b20 სმ. |
||
| 500 | _aწიგნი იბეჭდება აკაკი წერეთლის სახელმწ. უნივერსიტეტის ფინანსური მხარდაჭერით. | ||
| 653 | _aნიკოლეიშვილი, ავთანდილ | ||
| 653 | _a კრებულები | ||
| 700 |
_aხოფერია, გია _eრედაქტორი _925570 |
||
| 942 |
_2udc _cᲬᲘᲒᲜᲘ |
||